EVERY Billboard Hot 100 #1 Hit of 2002 - Statistics

General Stats
  • This quiz has been taken 9 times
  • The average score is 27 of 52
Answer Stats
Issue Date #1 Hit Artist % Correct
November 9 Lose Yourself Eminem
88%
November 16 Lose Yourself Eminem
88%
November 23 Lose Yourself Eminem
88%
November 30 Lose Yourself Eminem
88%
December 7 Lose Yourself Eminem
88%
December 14 Lose Yourself Eminem
88%
December 21 Lose Yourself Eminem
88%
December 28 Lose Yourself Eminem
88%
January 5 How You Remind Me Nickelback
75%
January 12 How You Remind Me Nickelback
75%
August 17 Dilemma Nelly ft. Kelly Rowland
63%
August 24 Dilemma Nelly ft. Kelly Rowland
63%
August 31 Dilemma Nelly ft. Kelly Rowland
63%
September 7 Dilemma Nelly ft. Kelly Rowland
63%
September 14 Dilemma Nelly ft. Kelly Rowland
63%
September 21 Dilemma Nelly ft. Kelly Rowland
63%
September 28 Dilemma Nelly ft. Kelly Rowland
63%
October 19 Dilemma Nelly ft. Kelly Rowland
63%
October 26 Dilemma Nelly ft. Kelly Rowland
63%
November 2 Dilemma Nelly ft. Kelly Rowland
63%
June 29 Hot in Herre Nelly
50%
July 6 Hot in Herre Nelly
50%
July 13 Hot in Herre Nelly
50%
July 20 Hot in Herre Nelly
50%
July 27 Hot in Herre Nelly
50%
August 3 Hot in Herre Nelly
50%
August 10 Hot in Herre Nelly
50%
February 23 Always on Time Ja Rule ft. Ashanti
38%
March 2 Always on Time Ja Rule ft. Ashanti
38%
April 20 Foolish Ashanti
38%
April 27 Foolish Ashanti
38%
May 4 Foolish Ashanti
38%
May 11 Foolish Ashanti
38%
May 18 Foolish Ashanti
38%
May 25 Foolish Ashanti
38%
June 1 Foolish Ashanti
38%
June 8 Foolish Ashanti
38%
June 15 Foolish Ashanti
38%
June 22 Foolish Ashanti
38%
January 19 U Got It Bad Usher
38%
January 26 U Got It Bad Usher
38%
February 2 U Got It Bad Usher
38%
February 9 U Got It Bad Usher
38%
February 16 U Got It Bad Usher
38%
March 9 Ain't It Funny (Murder Remix) Jennifer Lopez ft. Ja Rule
25%
March 16 Ain't It Funny (Murder Remix) Jennifer Lopez ft. Ja Rule
25%
March 23 Ain't It Funny (Murder Remix) Jennifer Lopez ft. Ja Rule
25%
March 30 Ain't It Funny (Murder Remix) Jennifer Lopez ft. Ja Rule
25%
April 6 Ain't It Funny (Murder Remix) Jennifer Lopez ft. Ja Rule
25%
April 13 Ain't It Funny (Murder Remix) Jennifer Lopez ft. Ja Rule
25%
October 5 A Moment Like This Kelly Clarkson
25%
October 12 A Moment Like This Kelly Clarkson
25%
No matching quizzes found
Score Distribution
Percent of People with Each Score
Percentile by Number Answered
Your Score History
You have not taken this quiz